000 00304nam a2200109Ia 4500
008 171211s9999 xx 000 0 und d
245 _aIntegrative Health through Music Therapy
245 _cSuzanne B. Hanser
260 _c2016
650 _xmusic
856 _uhttp://down.ebook777.com/059/113738476X.pdf
999 _c348697
_d348697